Statistics for Beatles Lyrics First Names

Click here to take the quiz!

General Stats

  • This quiz has been taken 28,606 times
    (23,742 since last reset)
  • The average score is 10 of 20

Answer Stats

ClueName% Correct
In the sky with diamondsLucy
98%
Takes a sad song and makes it betterJude
89%
Picks up the rice in the church
where a wedding has been
Eleanor
84%
Comes to me, speaking words of wisdomMary
80%
Ma belle, sont des mots qui vont
tres bien ensemble
Michelle
67%
Lovely meter maidRita
67%
Hits people with his silver hammerMaxwell
59%
Has a barrow in the marketplaceDesmond
50%
Is a singer in the bandMolly
47%
Left his home in Tucson Arizona,
for some California grass
Jo Jo
45%
Sexy girl what have you done -
you made a fool of everyone
Sadie
44%
Polythene girl who looks like a manPam
43%
Checked in his room, only to
find a Gideon Bible
Rocky
43%
The sun is up, the sky is blue,
it's beautiful and so is she
Prudence
36%
Doctor who, if you're down,
he'll pick you up
Robert
33%
Grandchildren on the knee
when I'm 64
Dave
32%
Grandchildren on the knee
when I'm 64
Chuck
31%
Went out tiger hunting with his
elephant and gun
Bill
30%
Grandchildren on the knee
when I'm 64
Vera
29%
Her hair of floating sky is shimmeringJulia
25%

Score Distribution

Percentile by Number Answered

Percent of People with Each Score

Your Score History

You have not taken this quiz since the last reset